00884nam a2200241 a 450000100100000000500170001000800410002702000150006804000250008308200170010811000470012524500430017225000270021526000880024230000370033049000440036749000130041183000510042483000200047504900090049595201210050499900170062500002513420200930023600.0110210s2004 mx ac r 000 0 spa d a9701865529 aDO-SdBNPbspacBNPHU axxxxxbD598s2 aDirección General de Bibliotecas.95152913aEl servicio de préstamo a domicilio. a3a reimp. de la 2a ed. aMéxico, D. F. :bConsejo Nacional para la Cultura y las Artes (CONACULTA),c2004. a59 p. :bil., retrs. ;c20.5 cm.1 aApoyo a la capacitación bibliotecaria1 aManuales 0aApoyo a la capacitación bibliotecaria951530 0aManuales935652 aBNGR 001054708MOaGRbGRcCTd2011-02-10iLF1l0oxxxxx D598sp25134-10r2020-06-25w2020-06-25y4ZPréstamo en sala c24627d24627